00712nam a2200133 a 450000100100000000500170001000800410002704000250006808200160009311000700010924502970017926000670047630000350054300003054120200930062352.0110523s1937 dr c r 000 | spa d aDO-SdBNPbspacBNPHU axxxxbR426d1 aRepública Dominicana.bPresidente (1930-1938 : Trujillo Molina)10aDeclaraciones del generalísimo Dr. Rafael Leónidas Trujillo Molina, Presidente de la República, benefactor de la patria dirigidas a la nación el domingo 28 de marzo del 1937, desde San Cristóbal, residencia temporal del Poder Ejecutivo, por las estaciones de radio HIX, HI1X y HI2X. aCiudad Trujillo, República Dominicana :bLa Nación,c1937. a15 p. :bil., retrs. ;c23 cm.